[Event "ch-UKR Women"]
[Site "ALushta UKR"]
[Date "2004.05.12"]
[Round "9"]
[White "Kalinina,L"]
[Black "Aslanian,L"]
[Result "1-0"]
[WhiteElo "2148"]
[BlackElo "2174"]

1.e4 c5 2.Nf3 e6 3.d4 cxd4 4.Nxd4 a6 5.Bd3 Nf6 6.O-O d6 7.c4 Be7 8.Nc3 Bd7
9.Be3 Nc6 10.Kh1 Ne5 11.f4 Nxd3 12.Qxd3 Qc7 13.Rac1 Rc8 14.b3 O-O 15.h3 g6
16.g4 Bc6 17.f5 exf5 18.gxf5 Rfe8 19.fxg6 fxg6 20.Nd5 Bxd5 21.exd5 Nd7 22.Ne6 Ne5
23.Nxc7 Nxd3 24.Nxe8 Nxc1 25.Nxd6 Bxd6 26.Rxc1 Kf7 27.Kg2 Ke7 28.c5 Be5 29.Kf3 Kd7
30.Ke4 Re8 31.Kd3 Rf8 32.Rc4 Bh2 33.Rb4 Kc7 34.Re4 Rf7 35.b4 Kd7 36.a4 Bc7
37.b5 axb5 38.axb5 Rf3 39.c6+ bxc6 40.bxc6+ Kd6 41.Kc4  1-0

[Event "7th United Insurance"]
[Site "Dhaka BAN"]
[Date "2004.05.12"]
[Round "7"]
[White "Hasan,Me"]
[Black "Hossain,Mon"]
[Result "1-0"]
[WhiteElo "2243"]
[BlackElo "2186"]

1.e4 c5 2.Nf3 e6 3.d4 cxd4 4.Nxd4 a6 5.Bd3 Nf6 6.O-O Qc7 7.c4 d6 8.Nc3 Nbd7
9.Qa4 Be7 10.b4 O-O 11.Qb3 b6 12.f4 Re8 13.Kh1 Rd8 14.Nf3 Bb7 15.Be3 Rac8
16.Rac1 Qb8 17.Bg1 Rc7 18.Rce1 Qa8 19.Qb1 Bf8 20.Qb3 Nh5 21.Nh4 d5 22.exd5 Nxf4
23.Be4 Nf6 24.d6 Bxd6 25.Bxb7 Qxb7 26.c5 bxc5 27.bxc5 Qxb3 28.axb3 Bf8 29.Na4 Nd3
30.Rd1 Rcc8 31.Nf3 Ne4 32.Rb1 g5 33.Be3 h6 34.b4  1-0

[Event "Karadjordje-Serbia"]
[Site "Topola SCG"]
[Date "2004.05.13"]
[Round "10"]
[White "Goloshchapov,A"]
[Black "Pikula,D"]
[Result "1-0"]
[WhiteElo "2569"]
[BlackElo "2523"]

1.e4 c5 2.Nf3 e6 3.d4 cxd4 4.Nxd4 a6 5.Bd3 Nf6 6.O-O d6 7.c4 b6 8.Nc3 Bb7
9.Qe2 Nbd7 10.Bd2 g6 11.Rfd1 Bg7 12.Nf3 Ng4 13.Rac1 O-O 14.Bf4 Qc7 15.Bb1 Nge5
16.b3 Nxf3+ 17.Qxf3 Nc5 18.Qe3 Rab8 19.Bd3 Rfd8 20.Be2 Re8 21.h3 Bf6 22.Bg5 Nd7
23.Bh6 Be7 24.Qd4 f6 25.Bg4 Nf8 26.b4 Kf7 27.a3 Bc8 28.Kh1 Bd7 29.f4 Rbc8
30.Be2 Bc6 31.Rf1 Qb7 32.Rf2 b5 33.Rcf1 Qb6 34.Qd2 f5 35.exf5 gxf5 36.Bh5+ Ng6
37.cxb5 axb5 38.Re2 Bf6 39.Re3 Ba8 40.Kh2 Rc4 41.Be2 Rec8 42.Bxc4 Rxc4 43.Rd3 d5
44.Ne2 d4 45.Rc1 Qb7 46.Nxd4 Rxd4 47.Rxd4 Bxd4 48.Rc2 Bf6 49.Qd6 Qe4 50.Qc7+ Ne7
51.Rd2 Bd5 52.Qb8 Ng6 53.Qxb5 Qe3 54.Rxd5 exd5 55.Qxd5+ Qe6 56.Qxe6+ Kxe6
57.g4 Be7 58.Kg3 Bh4+ 59.Kf3 Ne7 60.Bg5 Bxg5 61.fxg5 Nd5 62.b5 Ke5 63.h4 Nb6
64.h5 Nc4 65.h6 Ke6 66.Kf4 fxg4 67.g6 Ne5 68.gxh7 Nf7 69.b6 Kd6 70.a4  1-0

[Event "29th Elekes Mem IM"]
[Site "Budapest HUN"]
[Date "2004.05.15"]
[Round "1"]
[White "Boros,De"]
[Black "Orso,M"]
[Result "1/2-1/2"]
[WhiteElo "2408"]
[BlackElo "2350"]

1.e4 c5 2.Nf3 e6 3.d4 cxd4 4.Nxd4 a6 5.Bd3 Qc7 6.O-O Nc6 7.Nxc6 bxc6 8.Qe2 d5
9.c4 dxe4 10.Bxe4 Nf6 11.Bf3 Be7 12.Bf4 Qb6 13.Qe3 Bc5 14.Qb3 Bb7 15.Qxb6 Bxb6
16.Rd1 Rd8 17.Bd6 Ne4 18.Bxe4 Bc5 19.Nc3 Bxd6 20.g3 Ke7 21.Na4 f5 22.Bf3 a5
23.a3 Ba8 24.Nb6 Bb7 25.b4 Be5 26.Rab1 Rxd1+ 27.Rxd1 Rd8 28.Rxd8  1/2-1/2

[Event "7th United Insurance"]
[Site "Dhaka BAN"]
[Date "2004.05.15"]
[Round "11"]
[White "Hasan,Me"]
[Black "Hamid,R"]
[Result "1-0"]
[WhiteElo "2243"]
[BlackElo "2179"]

1.e4 c5 2.Nf3 e6 3.d4 cxd4 4.Nxd4 a6 5.Bd3 Nf6 6.O-O Qc7 7.c4 Nc6 8.Nxc6 dxc6
9.f4 Bc5+ 10.Kh1 h5 11.Nc3 Ng4 12.e5 Nf2+ 13.Rxf2 Bxf2 14.Ne4 Bd4 15.Nd6+ Kf8
16.Bg6 Bxb2 17.Nxf7 Bxc1 18.Nxh8 Bxf4 19.Qf3 Qxe5 20.Rf1 Bd7 21.Bxh5 Kg8
22.Ng6 Qg5 23.Qxf4 Qxh5 24.Qf7+ Kh7 25.Nf8+ Kh6 26.Qxh5+ Kxh5 27.Nxd7 Rd8
28.Nc5 e5 29.Nxb7 Rd4 30.c5 e4 31.Kg1 Rb4 32.Na5 Ra4 33.Nxc6 Rxa2 34.Nd4 Rd2
35.Ne6 Kh6 36.Re1 Kg6 37.Rxe4 Kf5 38.Re1 Kf6 39.c6 Rc2 40.Nd4 Rc4 41.Re6+ Kf7
42.Rd6 a5 43.Nb5 a4 44.c7 Ke7 45.Ra6 Kd7 46.Ra8 Rc5  1-0

[Event "7th United Insurance"]
[Site "Dhaka BAN"]
[Date "2004.05.15"]
[Round "11"]
[White "Abu Sufian,S"]
[Black "Hossain,Mon"]
[Result "1-0"]
[WhiteElo "2325"]
[BlackElo "2186"]

1.e4 c5 2.Nf3 e6 3.d4 cxd4 4.Nxd4 a6 5.Bd3 Nf6 6.O-O Qc7 7.c4 d6 8.Nc3 Nbd7
9.b3 Be7 10.Bb2 b6 11.Rc1 Bb7 12.Qe2 Ne5 13.Bb1 g5 14.f3 Rg8 15.Qe3 Rb8 16.Nde2 Qc5
17.Nd1 Qxe3+ 18.Nxe3 h5 19.Kf2 h4 20.h3 Nfd7 21.Rfd1 Rd8 22.Bd4 Nc6 23.Bc3 Nde5
24.Nd4 Rd7 25.Nxc6 Bxc6 26.Bd4 Bd8 27.b4 Bc7 28.Bc2 Ke7 29.Bb3 Rc8 30.Ng4 Nxg4+
31.hxg4 Rdd8 32.Be3 Kf6 33.Rc2 Rb8 34.Rcd2 Be8 35.Re2 Rbc8 36.Red2 Bc6 37.Bc2 Ra8
38.f4 gxf4 39.Bxf4 e5 40.Be3 Rab8 41.Kf3 a5 42.b5 Bd7 43.Rxd6+ Bxd6 44.Rxd6+ Be6
45.Rxd8 Rxd8 46.Bxb6 Rc8 47.c5 Bxa2 48.c6 Bc4 49.Ba4 Ke6 50.Bc5 Rb8 51.b6 Ba6
52.g5 Bc4 53.b7  1-0

[Event "ch-URU"]
[Site "Montevideo URU"]
[Date "2004.05.15"]
[Round "1"]
[White "Curi,G"]
[Black "Magaldi,N"]
[Result "1-0"]
[WhiteElo "2279"]
[BlackElo "2185"]

1.e4 c5 2.Nf3 e6 3.d4 cxd4 4.Nxd4 a6 5.Bd3 b5 6.O-O Qb6 7.Be3 Bc5 8.Qg4 Bxd4
9.e5 Nh6 10.Qxd4 Qxd4 11.Bxd4 Nc6 12.Bc5 Nxe5 13.Be4 Nc6 14.a4 bxa4 15.Bxc6 dxc6
16.Nc3 f5 17.Nxa4 Kf7 18.Rfd1 Ng4 19.Nb6 Rb8 20.Rd6 Nf6 21.Rxc6 Rd8 22.Bd6 Bb7
23.Rc7+ Kg8 24.Be7 Rd2 25.Bxf6 gxf6 26.Nd7 Rd8 27.Nxf6+ Kf8 28.Nxh7+ Kg8
29.Nf6+ Kf8 30.h4  1-0

[Event "22nd LIE-Open"]
[Site "Triesen LIE"]
[Date "2004.05.16"]
[Round "3"]
[White "Pauli,A"]
[Black "Heyl,T"]
[Result "0-1"]
[WhiteElo "2200"]
[BlackElo "2061"]

1.e4 c5 2.Nf3 e6 3.d4 cxd4 4.Nxd4 a6 5.Bd3 Nf6 6.O-O Qc7 7.Kh1 d5 8.exd5 Nxd5
9.f4 Nc6 10.Nxc6 bxc6 11.c4 Nf6 12.b3 Bd6 13.Nc3 Bb7 14.Qe2 O-O 15.Bb2 c5
16.Nb5 axb5 17.Bxf6 gxf6 18.Qh5 Rfe8 19.Qh6 f5 20.Rf3 Bxf3 21.gxf3 Be5 22.Rg1+ Kh8
23.fxe5 Qxe5 24.cxb5 Rg8 25.a4 Rxg1+ 26.Kxg1 Rg8+ 27.Kf2 Qd4+ 28.Ke1 Qxd3
29.Qf6+ Rg7  0-1

[Event "TCh-SCG"]
[Site "Petrovac SCG"]
[Date "2004.05.17"]
[Round "2"]
[White "Kojovic,D"]
[Black "Boskovic,D"]
[Result "1-0"]
[WhiteElo "2318"]
[BlackElo "2420"]

1.e4 c5 2.Nf3 e6 3.d4 cxd4 4.Nxd4 a6 5.Bd3 Nf6 6.O-O d6 7.Nc3 Be7 8.f4 O-O
9.Kh1 Nc6 10.Nxc6 bxc6 11.e5 Ne8 12.Ne4 d5 13.Ng5 g6 14.Qg4 h6 15.Nxf7 Rxf7
16.Qxg6+ Rg7 17.Qxh6 Ra7 18.Rf3 Bf8 19.Rh3 Qb6 20.Be3 d4 21.Bf2 Qc5 22.Qh5 Qd5
23.Rg1 Qd8 24.Qh8+ Kf7 25.f5 Be7 26.Bc4 Bg5 27.f6 Nxf6 28.Qxd8  1-0

[Event "22nd LIE-Open"]
[Site "Triesen LIE"]
[Date "2004.05.17"]
[Round "4"]
[White "Bosiocic,Mari"]
[Black "Van der Weide,K"]
[Result "1/2-1/2"]
[WhiteElo "2285"]
[BlackElo "2460"]

1.e4 c5 2.Nf3 e6 3.d4 cxd4 4.Nxd4 a6 5.Bd3 Nf6 6.Qe2 d6 7.O-O Nbd7 8.c4 g6
9.Nf3 Qc7 10.Nc3 Bg7 11.Bf4 Nh5 12.Be3 O-O 13.Rac1 b6 14.Rfd1 Bb7 15.b3 Rac8
16.Bb1 Rfe8 17.Qd2 Bf8 18.Nd4 Qb8 19.Nde2 Ba8 20.Bd3 Nc5 21.Ng3 Nf6 22.Bg5 Nxd3
23.Qxd3 Nd7 24.Bf4 Ne5 25.Qe2 Bg7 26.a4 h5 27.h3 Kh7 28.Qd2 Red8 29.Bg5 f6
30.Be3 Nf7 31.f4 b5 32.axb5 axb5 33.Nxb5 d5 34.exd5 exd5 35.Nd4 dxc4 36.bxc4 h4
37.Nf1 Nd6 38.Qf2 Nxc4 39.Qxh4+ Kg8 40.Bf2 Nb2 41.Rxc8 Qxc8 42.Rd2 Nc4 43.Re2 Re8
44.Qg4 Qxg4 45.hxg4 Rxe2 46.Nxe2  1/2-1/2

[Event "TCh-SCG"]
[Site "Petrovac SCG"]
[Date "2004.05.18"]
[Round "3"]
[White "Todorovic,J"]
[Black "Tosic,M"]
[Result "1/2-1/2"]
[WhiteElo "2392"]
[BlackElo "2475"]

1.e4 c5 2.Nf3 e6 3.d4 cxd4 4.Nxd4 a6 5.Bd3 d6 6.O-O Nd7 7.c4 Ngf6 8.Nc3 Be7
9.Kh1 O-O 10.f4 Re8 11.Qe2 Qc7 12.Nf3 Nf8 13.e5 N6d7 14.b3 b6 15.f5 Nxe5
16.Nxe5 dxe5 17.Be4 Rb8 18.fxe6 Bxe6 19.Nd5 Qa7 20.Bb2 f6 21.Qh5 Bf7 22.Qg4 Bg6
23.Bxg6 hxg6 24.Rf3 Qd7 25.Qe4 Bd8 26.g4 Qf7 27.Raf1 Rb7 28.g5 f5 29.Qh4 Qd7
30.Rh3 Kf7 31.Qg3 Qd6 32.Rh8 b5 33.Bc3 bxc4 34.bxc4 Qc6 35.Qd3 Bxg5 36.h4 Bf6
37.h5 e4 38.Qh3 Bxc3 39.Qxc3 e3 40.hxg6+ Qxg6 41.Nxe3 Nh7 42.Rxf5+ Nf6 43.Rxe8 Rb1+
44.Rf1 Qh5+ 45.Kg1 Rxf1+ 46.Nxf1 Kxe8 47.Qd3 Qg4+ 48.Kf2 Qf4+ 49.Kg1 Ne4
50.Qe3 Qg4+ 51.Kh2 Kf7 52.Kh1  1/2-1/2

[Event "TCh-NED"]
[Site "Enschede NED"]
[Date "2004.05.20"]
[Round "1"]
[White "Schmaltz,R"]
[Black "Lemmers,O"]
[Result "1/2-1/2"]
[WhiteElo "2522"]
[BlackElo "2379"]

1.e4 c5 2.Nf3 e6 3.d4 cxd4 4.Nxd4 a6 5.Bd3 Bc5 6.Nb3 Ba7 7.O-O Nc6 8.Qe2 d6
9.Be3 Bxe3 10.Qxe3 e5 11.Qg3 Nf6 12.Nc3 O-O 13.Rfd1 Bg4 14.Rd2 Be6 15.Rad1 Qe7
16.Qe3 Qc7 17.Bf1 Rfd8 18.g3 Rac8 19.Bg2 Bg4 20.Re1 Nb4 21.a3 Nc6 22.Nc1 Na5
23.Bf1 Be6 24.Red1 Bc4 25.Bh3 Be6 26.Bf1 Bc4 27.Bh3 Be6 28.Bf1  1/2-1/2

[Event "ch-URU"]
[Site "Montevideo URU"]
[Date "2004.05.20"]
[Round "8"]
[White "Curi,G"]
[Black "Izquierdo,D"]
[Result "1-0"]
[WhiteElo "2279"]
[BlackElo "2307"]

1.e4 c5 2.Nf3 e6 3.d4 cxd4 4.Nxd4 a6 5.Bd3 Nc6 6.Nxc6 dxc6 7.O-O e5 8.Nd2 Qc7
9.Bc4 Nf6 10.h3 b5 11.Bb3 Bc5 12.Re1 O-O 13.Nf3 Be6 14.Nh2 Bxb3 15.axb3 Nd7
16.Qf3 Rfe8 17.Ng4 Nf8 18.Qg3 Kh8 19.h4 f6 20.h5 Ne6 21.c3 Qf7 22.h6 g6 23.b4 Bb6
24.Be3 Bxe3 25.Qxe3 Nf4 26.Red1 Qe6 27.Qf3 f5 28.Ne3 Rf8 29.Rd2 Qf6 30.Rad1 Qg5
31.exf5 gxf5 32.Qxc6 Nh3+ 33.Kh2 Nf4 34.Rd7 Ng6 35.Rf7 Qxh6+ 36.Kg1 Rxf7
37.Qxa8+ Rf8 38.Rd8 Rxd8 39.Qxd8+ Qf8 40.Qxf8+ Nxf8 41.Nxf5 Kg8 42.Nd6 Nd7
43.Ne4 Kf7 44.Kf1 Ke6 45.Ke2 Kd5 46.Kd3 h6 47.b3 Nb8 48.c4+ Ke6 49.cxb5 axb5
50.Nc3 Nc6 51.Nxb5 Nxb4+ 52.Ke4 Nc6 53.Nc7+ Kd6 54.Nd5 Kc5 55.Nf6 Na5 56.Nd7+ Kd6
57.Nxe5 Nxb3 58.Nf7+ Ke6 59.Nxh6 Nd2+ 60.Kf4 Kf6 61.Ng4+ Kg6 62.Ne5+ Kf6
63.g4 Nb3 64.g5+ Ke6 65.Nd3 Nd4 66.Kg4 Kf7 67.f4 Kg7 68.f5 Nc6 69.Kf4 Nd4
70.Ne5 Ne2+ 71.Kg4 Nd4 72.f6+ Kg8 73.Kh5 Ne6 74.Kg6 Ng7 75.f7+  1-0

[Event "22nd LIE-Open"]
[Site "Triesen LIE"]
[Date "2004.05.20"]
[Round "7"]
[White "Voicu,C"]
[Black "Guller,A"]
[Result "1-0"]
[WhiteElo "2211"]
[BlackElo "2123"]

1.e4 c5 2.Nf3 e6 3.d4 cxd4 4.Nxd4 a6 5.Bd3 Nf6 6.O-O d6 7.c4 g6 8.Nc3 Bg7
9.Qe2 Nbd7 10.Rd1 O-O 11.Nf3 Qc7 12.Bf4 Ng4 13.Rac1 Nge5 14.Be3 Nxf3+ 15.Qxf3 b6
16.Qe2 Bb7 17.Qd2 Rfd8 18.f3 Rac8 19.Bf1 Bf8 20.Bf4 Ne5 21.Bg5 Be7 22.Bxe7 Qxe7
23.Qd4 Rc6 24.f4 Nd7 25.Rd2 Nf6 26.e5 Ne8 27.Rcd1 f5 28.Be2 Rdc8 29.Na4 dxe5
30.Qxe5 R8c7 31.Rd8 Kf7 32.b3 b5 33.cxb5 Rc1 34.Qd4 Bd5 35.Rb8 axb5 36.Bxb5 R7c2
37.Bxe8+ Qxe8 38.Rxe8 Kxe8 39.Qh8+  1-0

[Event "5th IECC"]
[Site "Antalya TUR"]
[Date "2004.05.21"]
[Round "6"]
[White "Haznedaroglu,K"]
[Black "Yeke,S"]
[Result "1/2-1/2"]
[WhiteElo "2395"]
[BlackElo "2238"]

1.e4 c5 2.Nf3 e6 3.d4 cxd4 4.Nxd4 a6 5.Bd3 g6 6.O-O Bg7 7.c3 d5 8.exd5 Qxd5
9.Re1 Nf6 10.Na3 O-O 11.Nc4 Nbd7 12.Bf4 b6 13.Ne3 Qc5 14.Nb3 Qc6 15.Nc4 Bb7
16.f3 Nd5 17.Bg3 Nc5 18.Nxc5 Qxc5+ 19.Kh1 Rfd8 20.Qe2 b5 21.Ne5 Qe7 22.Bc2 Bh6
23.Ng4 Bg5 24.Nf2 Nxc3 25.bxc3 Rd2  1/2-1/2

[Event "TCh-SCG"]
[Site "Petrovac SCG"]
[Date "2004.05.22"]
[Round "7"]
[White "Ristic,Nen"]
[Black "Markus,R"]
[Result "0-1"]
[WhiteElo "2447"]
[BlackElo "2532"]

1.e4 c5 2.Nf3 e6 3.d4 cxd4 4.Nxd4 a6 5.Bd3 Nf6 6.O-O d6 7.c4 b6 8.Nc3 Bb7
9.Qe2 Be7 10.f4 O-O 11.Nf3 Nc6 12.Kh1 Nd7 13.Be3 Nb4 14.Bb1 Rc8 15.e5 Bxf3
16.Rxf3 g6 17.exd6 Bxd6 18.a3 Nc6 19.Ba2 Bc5 20.Rd1 Bxe3 21.Rxe3 Qc7 22.f5 exf5
23.Nd5 Qb8 24.b4 Rce8 25.c5 bxc5 26.Ne7+ Rxe7 27.Rxe7 Nde5 28.Rd5 Ng4 29.g3 Nxe7
30.Qxe7 Re8 31.Qxc5 Re2 32.Rd6 Rxa2 33.Qd4 Qb7+  0-1

[Event "5th IECC"]
[Site "Antalya TUR"]
[Date "2004.05.23"]
[Round "8"]
[White "Radulski,J"]
[Black "Drabke,L"]
[Result "1/2-1/2"]
[WhiteElo "2497"]
[BlackElo "2453"]

1.e4 c5 2.Nf3 e6 3.d4 cxd4 4.Nxd4 a6 5.Bd3 Bc5 6.Nb3 Ba7 7.Nc3 Nc6 8.Qe2 Nge7
9.Be3 e5 10.O-O-O d6 11.Bc4 b5 12.Bd5 O-O 13.Bxc6 Nxc6 14.Rd2 b4 15.Nd5 a5
16.Bxa7 Rxa7 17.Kb1 a4 18.Nc1 Qa5 19.Rhd1 Be6 20.Qe3 Rb8 21.Ne2 Rd7 22.Rd3 Qb5
23.g4 Kh8 24.g5 Na5 25.b3 Nc6 26.h4 Bg4 27.f3 Be6 28.h5 Ra7 29.h6 g6 30.Nc1 Qa5
31.Nf6 axb3 32.cxb3 Nd4 33.Rxd4 exd4 34.Qxd4 Qc5 35.Qxd6 Qxd6 36.Rxd6 Rc8
37.Nd3 Bxb3 38.axb3 Ra1+ 39.Kxa1 Rc1+ 40.Kb2 Rc2+ 41.Kxc2  1/2-1/2

[Event "5th IECC"]
[Site "Antalya TUR"]
[Date "2004.05.23"]
[Round "8"]
[White "Smeets,J"]
[Black "Hulak,K"]
[Result "0-1"]
[WhiteElo "2531"]
[BlackElo "2550"]

1.e4 c5 2.Nf3 e6 3.d4 cxd4 4.Nxd4 a6 5.Bd3 d5 6.exd5 Qxd5 7.O-O Nd7 8.Be3 Bc5
9.Be2 Ngf6 10.c4 Qe5 11.Nc3 Qc7 12.a3 b6 13.b4 Be7 14.Rc1 O-O 15.Bf3 Bb7
16.Bf4 Qc8 17.c5 bxc5 18.bxc5 Nxc5 19.Na4 Bxf3 20.Qxf3 Qd7 21.Nb6 Qxd4 22.Be3 Qd8
23.Nxa8 Nfd7 24.Bxc5 Nxc5 25.Qc6 Qxa8 26.Rxc5 Bxc5 27.Qxc5 Rc8 28.Qa5 Rd8
29.h3 Rd5 30.Qb6 a5 31.Rc1 h6 32.Rc5 Rd1+ 33.Kh2 Qe4 34.Qb8+ Kh7 35.Rxa5 Qe1
36.Qb3 Rd2 37.Qe3 Qxf2 38.Qxf2 Rxf2 39.Kg3 Ra2 40.Kf3 g5 41.g4 Kg6 42.Ra8 Rh2
43.Kg3 Rb2 44.a4 Kf6 45.a5 Ke5 46.a6 Rb3+ 47.Kg2 Ra3 48.Rh8 Kf4 49.Rxh6 Ra2+
50.Kf1 Rxa6 51.Ke2 Ra2+ 52.Kd3 Kg3 53.Ke4 Re2+ 54.Kd3 Rh2 55.Rf6 Rxh3 56.Rxf7 Kxg4+
57.Ke2 Rh2+ 58.Kf1 e5 59.Re7 Kf4 60.Rf7+ Ke3 61.Rg7 Rh5 62.Kg2 e4 63.Kg3 Rh1
64.Kg2 Rh8 65.Rxg5 Ke2 66.Kg3 e3 67.Ra5 Rg8+ 68.Kf4 Kf2  0-1

[Event "5th IECC"]
[Site "Antalya TUR"]
[Date "2004.05.24"]
[Round "9"]
[White "Ersahin,B"]
[Black "Makoli,P"]
[Result "1-0"]
[WhiteElo "2070"]
[BlackElo "2228"]

1.e4 c5 2.Nf3 e6 3.d4 cxd4 4.Nxd4 a6 5.Bd3 Nf6 6.O-O Qc7 7.Qe2 Nc6 8.Nxc6 dxc6
9.e5 Nd7 10.f4 Nc5 11.Nc3 Be7 12.a4 O-O 13.Bc4 b6 14.Bd2 Bb7 15.Rae1 b5 16.Ba2 b4
17.Nd1 Nxa4 18.f5 exf5 19.e6 f6 20.Rxf5 Rad8 21.Rf3 c5 22.Rh3 Qc6 23.Ne3 Qe4
24.Rf1 f5 25.Be1 f4 26.Bh4 fxe3 27.Rxf8+ Rxf8 28.Bxe7 Nc3 29.bxc3 Rf2 30.Rf3 Qxf3
31.Qxf3 Bxf3 32.gxf3 Rxc2 33.Bd5 Rc1+ 34.Kg2 e2 35.Bh4 e1=Q 36.e7+ Kh8 37.Bxe1  1-0

[Event "57th ch-RUS Qualifier"]
[Site "St Petersburg RUS"]
[Date "2004.05.28"]
[Round "7"]
[White "Romanov,E"]
[Black "Yakovich,Yur"]
[Result "1/2-1/2"]
[WhiteElo "2392"]
[BlackElo "2596"]

1.e4 c5 2.Nf3 e6 3.d4 cxd4 4.Nxd4 a6 5.Bd3 Bc5 6.Nb3 Be7 7.Be3 d6 8.f4 Nf6
9.Qf3 Qc7 10.N1d2 b6 11.g4 Bb7 12.g5 Nfd7 13.O-O-O Nc6 14.Kb1 Nc5 15.Nxc5 dxc5  1/2-1/2

[Event "Summer II"]
[Site "Alushta UKR"]
[Date "2004.06.01"]
[Round "14"]
[White "Kononenko,Dmitry1"]
[Black "Abbasov,F"]
[Result "1/2-1/2"]
[WhiteElo "2457"]
[BlackElo "2435"]

1.e4 c5 2.Nf3 e6 3.d4 cxd4 4.Nxd4 a6 5.Bd3 g6 6.c4 Bg7 7.Nb3 Ne7 8.Nc3 Nbc6
9.O-O O-O 10.Bg5 h6 11.Be3 d5 12.cxd5 exd5 13.Bc5 Re8  1/2-1/2

[Event "XII Guillermo Garcia Prem II"]
[Site "Santa Clara CUB"]
[Date "2004.06.01"]
[Round "11"]
[White "Gonzalez,Y"]
[Black "Arancibia,E"]
[Result "1-0"]
[WhiteElo "2481"]
[BlackElo "2408"]

1.e4 c5 2.Nf3 e6 3.d4 cxd4 4.Nxd4 a6 5.Bd3 Nf6 6.O-O Qc7 7.Qe2 d6 8.c4 g6
9.f4 Bg7 10.Nf3 O-O 11.Nc3 Nbd7 12.Kh1 b6 13.Bd2 Bb7 14.Rae1 Rfd8 15.b4 Rac8
16.a3 Nh5 17.Ng5 Re8 18.Nd1 Re7 19.Qf2 Rce8 20.Qh4 Nf8 21.Ne3 Qd7 22.f5 h6
23.fxg6 fxg6 24.Nh3 e5 25.Nd5 Bxd5 26.exd5 Nf4 27.Bxf4 exf4 28.Rxe7 Rxe7
29.Qxf4 Rf7 30.Qc1 Rxf1+ 31.Bxf1 Qf5 32.Ng1 Qf2 33.a4 a5 34.bxa5 bxa5 35.Nf3 g5
36.Bd3 g4 37.Qd2 Qb6 38.Nh4 Qd4 39.Qd1 h5 40.Nf5 Qf4 41.g3 Qe5 42.Kg2 Nd7
43.Qd2 Nc5 44.Bc2 Ne4 45.Qf4 Nc5 46.Nxd6 Qxf4 47.gxf4 Bf8 48.Nf5 Kf7 49.Kg3 Kf6
50.Nd4 Bh6 51.Ne2  1-0

[Event "3rd ACP Blitz Prelim4"]
[Site "playchess.com INT"]
[Date "2004.06.03"]
[Round "18"]
[White "Berg,E"]
[Black "Landa,K"]
[Result "1/2-1/2"]
[WhiteElo "2495"]
[BlackElo "2550"]

1.e4 c5 2.Nf3 e6 3.d4 cxd4 4.Nxd4 a6 5.Bd3 Bc5 6.Nb3 Ba7 7.Nc3 Ne7 8.Qe2 d6
9.Be3 O-O 10.O-O e5 11.Rad1 Nbc6 12.Kh1 Be6 13.f4 exf4 14.Bxf4 Ng6 15.Be3 Bxe3
16.Qxe3 Qh4 17.Nd4 Nxd4 18.Qxd4 Rad8 19.Qf2 Qxf2 20.Rxf2 Ne5 21.h3 b5 22.a3 Rc8
23.Rfd2 Rfd8 24.Kh2 Kf8 25.Kg3 Ke7 26.Be2 Rc5 27.Rd4 g6 28.Kf2 h5 29.h4 Nc6
30.R4d2 Ne5 31.Rd4 Rd7 32.Kg3 Rc8 33.Kf4 f6 34.R4d2 Nc4 35.Bxc4 Rxc4 36.Rd4 Rxd4
37.Rxd4 Rc7 38.Ke3 Rc5 39.a4 g5 40.axb5 axb5 41.g3 Kd7 42.Rb4 Kc6 43.Rd4 Re5
44.b4 gxh4 45.gxh4 f5 46.Kf4 fxe4 47.Rxe4 Rf5+ 48.Ke3 Bc4 49.Rf4 Re5+ 50.Re4 Rf5
51.Rf4 Re5+ 52.Re4 Rf5  1/2-1/2

[Event "TCh-BIH"]
[Site "Neum BIH"]
[Date "2004.06.04"]
[Round "7"]
[White "Pasic,E"]
[Black "Hodzic,N"]
[Result "1-0"]
[WhiteElo "2269"]
[BlackElo "2266"]

1.e4 c5 2.Nf3 e6 3.d4 cxd4 4.Nxd4 a6 5.Bd3 b5 6.a4 b4 7.a5 Bb7 8.O-O Qc7
9.Qe2 Nc6 10.Nxc6 Qxc6 11.Be3 Nf6 12.Nd2 d5 13.f3 Bd6 14.Bd4 Bc5 15.Bxc5 Qxc5+
16.Kh1 dxe4 17.fxe4 e5 18.Nc4 Nd7 19.Qg4 Qe7 20.Qxg7 Rf8 21.Qh6 f6 22.Qh5+ Kd8
23.Nb6 Nxb6 24.axb6 Kd7 25.Qe2 Kc6 26.Bxa6 Qc5 27.Bxb7+ Kxb7 28.Qd3 Rfd8
29.Ra7+ Rxa7 30.Qxd8 Qxb6 31.Qe7+ Kb8 32.Qf8+ Kb7 33.Qf7+ Kb8 34.Qg8+ Kb7
35.Qxh7+ Kb8 36.Qg8+ Kb7 37.Qd5+ Kc8 38.h3 Rd7 39.Qa8+ Kc7 40.Ra1 Rd8 41.Ra7+  1-0

[Event "3rd ACP Blitz Octofinal"]
[Site "playchess.com INT"]
[Date "2004.06.05"]
[Round "3"]
[White "Macieja,B"]
[Black "Landa,K"]
[Result "0-1"]
[WhiteElo "2633"]
[BlackElo "2550"]

1.e4 c5 2.Nf3 e6 3.d4 cxd4 4.Nxd4 a6 5.Bd3 Bc5 6.Nb3 Ba7 7.Qe2 Ne7 8.Be3 O-O
9.Nc3 d6 10.O-O-O b5 11.e5 d5 12.Bxa7 Rxa7 13.f4 b4 14.Na4 Bd7 15.Nac5 a5
16.Kb1 a4 17.Nd4 Qb6 18.Nxd7 Nxd7 19.f5 Qxd4 20.fxe6 Qxe5 21.exd7 Qxe2 22.Bxe2 Rxd7
23.Bb5 Ra7 24.b3 axb3 25.axb3 Rfa8 26.Ba4 f6 27.Rd4 Rb8 28.Kb2 Kf7 29.Re1 Rc7
30.Re2 Rb6 31.g4 g5 32.Red2 h6 33.R4d3 Re6 34.Rd4 Rb7 35.c3 bxc3+ 36.Kxc3 Re3+
37.R2d3 Re2 38.Rd2 Re3+ 39.R2d3 Re1 40.Rd1 Rc7+ 41.Kb2 Re6 42.b4 Rb6 43.Bb3 Rcb7
44.Kc3 Kg6 45.Bc2+ Kg7 46.Bb3 Nc6 47.Rxd5 Rxb4 48.Rd7+ Kf8 49.Rxb7 Rxb7 50.Rd6 Ne5
51.h3 Kg7 52.Bd5 Re7 53.Ra6 Ng6 54.Kc4 Nf4 55.h4 gxh4 56.Bc6 h3 57.Ra2 Re2
58.Ra3 Rc2+ 59.Kb5 h2 60.Ra1 Rb2+ 61.Kc4 Kg6 62.Be4+ Kg5 63.Kd4 Kh4 64.Ke3 Kg3
65.Bf5 Re2+ 66.Kd4 Rg2 67.Be4 Rg1 68.Ra3+ Kxg4 69.Ra6 Kg5 70.Ra5+ Kh4 71.Ra6 h1=Q
72.Bxh1 Rxh1 73.Rxf6 Kg5 74.Rf8 h5 75.Ke3 Ng6 76.Rg8 Rf1 77.Ke2 Rf6 78.Re8 h4
79.Re3 Kg4 80.Re4+ Nf4+ 81.Kf2 h3 82.Kg1 Rb6 83.Re3 Rb1+ 84.Kh2 Rb2+ 85.Kh1 Nh5
86.Re4+ Kf3  0-1

[Event "II Gyorgy Marx Mem"]
[Site "Paks HUN"]
[Date "2004.06.11"]
[Round "6"]
[White "Acs,P"]
[Black "Portisch,L"]
[Result "1-0"]
[WhiteElo "2548"]
[BlackElo "2573"]

1.e4 c5 2.Nf3 e6 3.d4 cxd4 4.Nxd4 a6 5.Bd3 Qc7 6.O-O Nf6 7.Qe2 Bc5 8.Nb3 Be7
9.c4 Nc6 10.f4 Nb4 11.e5 Nxd3 12.Qxd3 Ng4 13.Nc3 O-O 14.Qe2 f5 15.h3 Nh6
16.Be3 b6 17.Rac1 Rb8 18.Qf2 Nf7 19.Na4 Bd8 20.c5 b5 21.Nb6 Be7 22.Rfd1 Nd8
23.Rc2 Nc6 24.Rcd2 Rb7 25.Qf3 Rd8 26.g4 fxg4 27.hxg4 a5 28.Rh2 a4 29.Nd5 exd5
30.Qxd5+ Kh8 31.Rxh7+ Kxh7 32.Rd2 Rf8 33.Rh2+ Kg6 34.f5+  1-0

[Event "8th Open"]
[Site "Voronezh RUS"]
[Date "2004.06.12"]
[Round "1"]
[White "Kurnosov,I"]
[Black "Newerovski,G"]
[Result "1-0"]
[WhiteElo "2543"]
[BlackElo "2334"]

1.e4 c5 2.Nf3 e6 3.d4 cxd4 4.Nxd4 a6 5.Bd3 Qb6 6.Nb3 Qc7 7.O-O d6 8.Be3 Nf6
9.a4 b6 10.c4 Nc6 11.Nc3 Be7 12.Rc1 Ne5 13.Be2 Bb7 14.f4 Nxc4 15.Bd4 Rc8
16.Bxc4 Qxc4 17.Nd5 Qxa4 18.Rxc8+ Bxc8 19.Nxb6 Qc6 20.Na5 Qc7 21.Qc1 Qxc1
22.Rxc1 Bd7 23.Rc7 Bd8 24.Ra7 e5 25.Nb7 exd4 26.Nxd7 Nxd7 27.Nxd8 Rf8 28.Nc6 f5
29.e5  1-0

[Event "8th Open"]
[Site "Voronezh RUS"]
[Date "2004.06.14"]
[Round "3"]
[White "Semenova,Ir"]
[Black "Bryzgalin,K"]
[Result "0-1"]
[WhiteElo "2279"]
[BlackElo "2439"]

1.e4 c5 2.Nf3 e6 3.d4 cxd4 4.Nxd4 a6 5.Bd3 g6 6.O-O Bg7 7.Nb3 Nc6 8.c4 d6
9.Nc3 Nf6 10.Be3 O-O 11.Rc1 b6 12.Be2 Bb7 13.f3 Ne7 14.Na4 Nc8 15.e5 Ne8
16.exd6 Nexd6 17.c5 bxc5 18.Nbxc5 Bd5 19.b3 Nf5 20.Bf2 a5 21.Bc4 Nce7 22.Qe2 Nd4
23.Qd3 Bc6 24.Nc3 Nef5 25.N3e4 Qe7 26.g4 Rad8 27.g5 h6 28.h4 Qc7 29.Kg2 Nxh4+
30.Bxh4 Nf5 31.Qe2 Nxh4+ 32.Kh3 Nf5 33.Bxe6 Nd4 34.Qc4 fxe6 35.Nxe6 Qc8 36.Kg2 Nxe6
37.Qxc6 Nf4+ 38.Kg1 Bd4+  0-1

[Event "3rd Asean IM"]
[Site "Bangkok THA"]
[Date "2004.06.22"]
[Round "1"]
[White "Jiravorasuk,B"]
[Black "Theerapabpaisit,W"]
[Result "1-0"]
[WhiteElo "2312"]
[BlackElo "2271"]

1.e4 c5 2.Nf3 e6 3.d4 cxd4 4.Nxd4 a6 5.Bd3 b5 6.O-O Bb7 7.Nc3 Nc6 8.Nb3 Nf6
9.f4 Qb6+ 10.Kh1 h5 11.Qf3 Ng4 12.Bd2 Be7 13.Rae1 O-O-O 14.Qg3 Nb4 15.a3 Nxd3
16.cxd3 Rde8 17.Na2 f5 18.Ba5 Qa7 19.Bc3 h4 20.Qf3 Bf6 21.h3 Bxc3 22.Nxc3 Nf6
23.Qf2 Qxf2 24.Rxf2 Nh5 25.Nd4 fxe4 26.Nxe4 Bxe4 27.dxe4 Rhf8 28.f5 exf5
29.Nxf5 Ng3+ 30.Kg1 Nxf5 31.Rc1+ Kd8 32.exf5 Re5 33.Rcf1 Ke7 34.Rf4 d5 35.a4 Kd6
36.axb5 axb5 37.Rb4 Kc5 38.Rxh4 Rfxf5 39.Rc1+ Kb6 40.b4 Re4 41.Rxe4 dxe4
42.Re1 Re5 43.Kf2 Kc6 44.Ke3 Kd6 45.Rd1+ Rd5 46.Rd4 Kc6 47.Kxe4 Rh5 48.Kf3 Rf5+
49.Kg4 Rd5 50.Re4 Rd7 51.Kg5 Kd5 52.Rg4 Rd6 53.h4 Rc6 54.h5 Rc4 55.Rf4 Rc6
56.g4 Re6 57.Rf7 Kc4 58.Rxg7 Kxb4 59.h6 Kc3 60.h7  1-0

[Event "XVIII Open"]
[Site "Pula CRO"]
[Date "2004.06.22"]
[Round "4"]
[White "Pokorna,Reg"]
[Black "Muhren,B"]
[Result "1-0"]
[WhiteElo "2390"]
[BlackElo "2211"]

1.e4 c5 2.Nf3 e6 3.d4 cxd4 4.Nxd4 a6 5.Bd3 Nf6 6.O-O Qc7 7.c4 Nc6 8.Nxc6 dxc6
9.Be3 e5 10.h3 Be6 11.Nc3 Rd8 12.Qe2 Nd7 13.Rac1 Bc5 14.Nd5 Qd6 15.Rfd1 cxd5
16.cxd5 Bxh3 17.gxh3 Bxe3 18.Qxe3 O-O 19.Rc3 Kh8 20.a3 Rde8 21.Rdc1 f5 22.Rc7 fxe4
23.Bxe4 Nf6 24.Rxb7 Nxe4 25.Qxe4 Qh6 26.Qe3 Qh5 27.Qg3 Rg8 28.d6 Qh6 29.Rd1 Re6
30.Qd3 e4 31.Qe3 Rxd6 32.Rxd6 Qxd6 33.Qxe4 Rf8 34.Re7 Qd2 35.Qf5 Rg8 36.Qe5 Qc1+
37.Kh2 Qd2 38.Rf7 Qd8 39.b4 Qd3 40.Qe3 Qd6+ 41.Qf4 Qxf4+ 42.Rxf4 Rb8 43.Rc4 Kg8
44.Rc7 Rb6 45.Rc4 Kf7 46.a4 g6 47.a5 Rb7 48.Kg3 Kg7 49.Kf3 h5 50.Ke4 Rb5
51.h4 Kh6 52.f4 Kg7 53.Rc7+ Kh6 54.Rc4 Kg7 55.Ke3 Kh6 56.Kd3 Rf5 57.Kc3 Rf6
58.Rd4 Rf5 59.Rd6 Rxf4 60.Rxa6 Rxh4 61.b5 Rh1 62.Ra8 h4 63.a6 Kg5 64.b6 h3
65.b7 h2 66.Rh8 Rc1+ 67.Kd2 Rb1 68.a7  1-0